| 000 | 00390nam a2200157Ia 4500 | ||
|---|---|---|---|
| 008 | 230711s9999||||xx |||||||||||||| ||und|| | ||
| 041 | _aENG | ||
| 082 |
_a621 _bDE-S |
||
| 100 | _aDeshpande,M.V | ||
| 245 | 0 | _aSwitchgear and protection | |
| 250 | _a3rd | ||
| 260 |
_c1991 _aNew Delhi _bTata McGraw Hill Education Limited |
||
| 300 | _a247 | ||
| 650 | _aElectrical Engineering | ||
| 942 | _cBK | ||
| 999 |
_c1881 _d1881 |
||